000 00780nam a22002417a 4500
005 20260325100512.0
008 260325b |||||||| |||| 00| 0 eng d
020 _a9789696403333
040 _cPK-LaUMT
082 _a711.4
_bLAH-
245 _aLahore in motion :
_binfrastructure, history and belonging in urban Pakistan /
_cedited by Ammara Maqsood, Chris Moffat and Fizzah Sajjad
260 _aLahore :
_bILQA Publications,
_c2025
300 _axiii, 231 p.
500 _aIndex present
546 _aEng
650 _aCities-Pakistan-Lahore
_910014
650 _aInfrastructure-Pakistan-Lahore
_910015
650 _aUrban Policies-Lahore
_910016
700 0 _aAmmara Maqsood
_910017
700 1 _aMoffat, Chris
_910018
700 0 _aFizzah Sajjad
_910019
942 _cBK
999 _c140195
_d140195